| 000 | 00382nam a2200145Ia 4500 | ||
|---|---|---|---|
| 008 | 230917s9999||||xx |||||||||||||| ||und|| | ||
| 040 |
_e73774 _aMAIN |
||
| 041 | _aEnglish | ||
| 082 | _a658.4 G522R | ||
| 100 | _aGlueck, William F, ed | ||
| 245 | 0 | _aReadings in business policy from business week | |
| 260 |
_aNew York _bMcGraw-Hill _c1978 |
||
| 300 | _axix, 410 p. | ||
| 942 | _cBK | ||
| 999 |
_c191959 _d191959 |
||